Quel milliardaire français ? - Clic Quiz - Statistiques

Statistiques générales
  • Ce quiz a été pris 392 fois
  • Le résultat moyen est 11 sur 20
Statistiques - réponses
Hint Réponse % Correct
Est PDG du groupe LVMH
88%
A déjà été la personne la plus riche du monde
79%
Est un acteur majeur de l'extrême droite française
74%
Possède les chaînes de télévision Canal + et CNews
71%
Son père est le créateur de L'Oréal
64%
A fait fortune grâce au Minitel rose
59%
Est un bon milliardaire (un milliardaire mort)
58%
Est connu(e) pour faire travailler des enfants en Afrique
57%
N'est pas l'enfant d'un chef d'entreprise
55%
Est marié(e) à Delphine, fille d'un autre milliardaire de ce quiz
52%
A possédé les manuels scolaires Hachette, Bordas et Nathan
50%
A été au cœur d'un procès pour abus de faiblesse
48%
A été poursuivi(e) pour une affaire de proxénétisme
48%
A fait espionner François Ruffin suite au film Merci Patron !
43%
S'est vu(e) refuser la nationalité belge
39%
S'est expatrié(e) aux États-Unis sous François Mitterrand
37%
Est co-propriétaire du journal Le Monde
36%
A grandi à Roubaix, une des villes les plus pauvres de France
34%
Produit les chansons de Taylor Swift et d'Eminem
34%
Est « zinzin » d'après les Guignols de l'Info
26%
Aucun quiz correspondant
Distribution des résultats
% des personnes avec chaque résultat
Percentile par nombre de réponses
Votre historique - résultats
Vous n’avez pas pris ce quiz